[Event "Mukachevo Masters IM 2018"]
[Site "Mukachevo"]
[Date "2018.10.17"]
[Round "1"]
[White "Vypkhaniuk, Ihor"]
[Black "Kagramanianz, Vartan"]
[Result "1/2-1/2"]
[WhiteElo "2389"]
[BlackElo "2231"]
[Annotator "NA"]
[PlyCount "34"]
[EventDate "2018.08.17"]
[EventType "swiss"]
[EventCountry "UKR"]
[SourceTitle "playchess.com"]
[Source "ChessBase"]
[SourceQuality "1"]
[TimeControl "5400+30"]

1. c4 c6 2. Nf3 Nf6 3. Nc3 d5 4. e3 g6 5. Qb3 e6 6. d4 Bg7 7. Bd3 O-O 8. O-O Nbd7 9. Bd2 dxc4 10. Qxc4 e5 11. dxe5 Ng4 12. Be4 Ndxe5 13. Qe2 Be6 14. Nxe5 Nxe5 15. b3 f5 16. Bc2 Qd6 17. h3 Rad8 1/2-1/2

[Event "Mukachevo Masters IM 2018"]
[Site "Mukachevo"]
[Date "2018.10.17"]
[Round "1"]
[White "Oros, Robert"]
[Black "Larkin, Vladyslav"]
[Result "1/2-1/2"]
[WhiteElo "2336"]
[BlackElo "2234"]
[Annotator "NA"]
[PlyCount "57"]
[EventDate "2018.08.17"]
[EventType "swiss"]
[EventCountry "UKR"]
[SourceTitle "playchess.com"]
[Source "ChessBase"]
[SourceQuality "1"]
[TimeControl "5400+30"]

1. d4 {[%emt 0:00:00]} d5 {[%emt 0:00:00]} 2. Bf4 {[%emt 0:00:00]} Bf5 {[%emt 0:00:00]} 3. e3 {[%emt 0:00:07]} e6 {[%emt 0:00:05]} 4. Bd3 {[%emt 0:01:41]} Bg6 {[%emt 0:00:18]} 5. Nf3 {[%emt 0:01:35]} Nd7 {[%emt 0:01:35]} 6. c4 {[%emt 0:02:28]} dxc4 {[%emt 0:03:06]} 7. Bxc4 {[%emt 0:02:37]} Bd6 {[%emt 0:01:37]} 8. Bg5 {[%emt 0:01:21]} Be7 {[%emt 0:03:23]} 9. Bxe7 {[%emt 0:00:21]} Qxe7 {[%emt 0:00:11]} 10. O-O {[%emt 0:04:44]} Ngf6 {[%emt 0:01:01]} 11. Nc3 {[%emt 0:03:06]} O-O {[%emt 0:02:50]} 12. Qb3 {[%emt 0:03:38]} Rab8 {[%emt 0:04:40]} 13. a4 {[%emt 0:03:03]} a6 {[%emt 0:00:32]} 14. a5 {[%emt 0:01:10]} e5 {[%emt 0:05:26]} 15. Nh4 {[%emt 0:01:58]} exd4 {[%emt 0:09:24]} 16. Nxg6 {[%emt 0:00:51]} hxg6 {[%emt 0:00:05]} 17. exd4 {[%emt 0:00:11]} Qd6 {[%emt 0:00:04]} 18. Rfd1 {[%emt 0:05:09]} g5 {[%emt 0:06:31]} 19. Qa3 {[%emt 0:05:33]} Qxa3 {[%emt 0:09:23]} 20. Rxa3 {[%emt 0:00:10]} Rfe8 {[%emt 0:00:49]} 21. Kf1 {[%emt 0:16:48]} g6 {[%emt 0:05:44]} 22. h3 {[%emt 0:03:39]} Kg7 {[%emt 0:05:16]} 23. Be2 {[%emt 0:03:11]} Re6 {[%emt 0:08:54]} 24. Rb3 {[%emt 0:04:20]} b5 {[%emt 0:03:36]} 25. axb6 {[%emt 0:06:06]} Rexb6 {[%emt 0:00:08]} 26. Rxb6 {[%emt 0:00:56]} Rxb6 {[%emt 0:00:05]} 27. Rd2 {[%emt 0:01:20]} Rd6 {[%emt 0:02:41]} 28. Ke1 {[%emt 0:04:59]} Nf8 {[%emt 0:01:48]} 29. Bc4 {[%emt 0:02:19]} 1/2-1/2

[Event "Mukachevo Masters IM 2018"]
[Site "Mukachevo"]
[Date "2018.10.17"]
[Round "1"]
[White "Boricsev, Oleg"]
[Black "Tiba, Vladyslav"]
[Result "0-1"]
[WhiteElo "2298"]
[BlackElo "2337"]
[Annotator "NA"]
[PlyCount "68"]
[EventDate "2018.08.17"]
[EventType "swiss"]
[EventCountry "UKR"]
[SourceTitle "playchess.com"]
[Source "ChessBase"]
[SourceQuality "1"]
[TimeControl "5400+30"]

1. e4 {[%emt 0:00:00]} c5 {[%emt 0:00:00]} 2. c3 {[%emt 0:00:11]} d5 {[%emt 0:00:08]} 3. exd5 {[%emt 0:00:05]} Qxd5 {[%emt 0:00:06]} 4. d4 {[%emt 0:00:03]} Nf6 {[%emt 0:00:08]} 5. Nf3 {[%emt 0:00:13]} e6 {[%emt 0:00:48]} 6. Na3 {[%emt 0:01:37]} Nc6 {[%emt 0:02:45]} 7. Be3 {[%emt 0:03:11]} cxd4 {[%emt 0:01:25]} 8. Nb5 {[%emt 0:00:11]} Qd8 {[%emt 0:00:19]} 9. Nbxd4 {[%emt 0:01:15]} Nd5 {[%emt 0:01:17]} 10. Nxc6 {[%emt 0:04:20]} bxc6 {[%emt 0:00:11]} 11. Bc1 {[%emt 0:07:06]} Bd6 {[%emt 0:07:31]} 12. Bd3 {[%emt 0:01:25]} O-O {[%emt 0:08:32]} 13. Qc2 {[%emt 0:01:30]} f5 {[%emt 0:01:09]} 14. Bg5 {[%emt 0:02:46]} Qc7 {[%emt 0:05:31]} 15. Nd4 {[%emt 0:14:41]} Rb8 {[%emt 0:06:34]} 16. O-O-O {[%emt 0:03:59]} h6 {[%emt 0:06:45]} 17. Bd2 {[%emt 0:00:44]} Qb6 {[%emt 0:02:48]} 18. g4 {[%emt 0:27:05]} fxg4 {[%emt 0:01:17]} 19. Be3 {[%emt 0:15:29]} Nxe3 {[%emt 0:05:02]} 20. fxe3 {[%emt 0:00:49]} e5 {[%emt 0:01:57]} 21. Qb3+ {[%emt 0:04:08]} Qxb3 {[%emt 0:01:03]} 22. Nxb3 {[%emt 0:00:05]} Be7 {[%emt 0:01:43]} 23. Be4 {[%emt 0:01:03]} Bg5 {[%emt 0:03:12]} 24. Rhe1 {[%emt 0:00:18]} Rb6 {[%emt 0:05:04]} 25. Rd6 {[%emt 0:03:53]} Be7 {[%emt 0:01:38]} 26. Rd2 {[%emt 0:01:54]} Bh4 {[%emt 0:05:59]} 27. Red1 {[%emt 0:01:39]} Bf2 {[%emt 0:02:40]} 28. Rd8 {[%emt 0:01:58]} Bxe3+ {[%emt 0:02:04]} 29. Kc2 {[%emt 0:00:00]} Bg5 {[%emt 0:00:53]} 30. Rxf8+ {[%emt 0:00:11]} Kxf8 {[%emt 0:00:08]} 31. Na5 {[%emt 0:00:02]} Be6 {[%emt 0:03:45]} 32. Nxc6 {[%emt 0:00:44]} Bxa2 {[%emt 0:03:06]} 33. b4 {[%emt 0:00:11]} Bf4 {[%emt 0:03:26]} 34. Rd7 {[%emt 0:00:49]} Bxh2 {[%emt 0:03:31]} 0-1

[Event "Mukachevo Masters IM 2018"]
[Site "Mukachevo"]
[Date "2018.10.17"]
[Round "1"]
[White "Bidsila, Andrej"]
[Black "Srinath, Rao S.V."]
[Result "0-1"]
[WhiteElo "2261"]
[BlackElo "2325"]
[Annotator "NA"]
[PlyCount "77"]
[EventDate "2018.08.17"]
[EventType "swiss"]
[EventCountry "UKR"]
[SourceTitle "playchess.com"]
[Source "ChessBase"]
[SourceQuality "1"]
[TimeControl "5400+30"]

1. Nf3 {[%emt 0:00:00]} Nf6 {[%emt 0:08:48]} 2. d3 {[%emt 0:01:10]} d5 {[%emt 0:01:54]} 3. e3 {[%emt 0:01:36]} Bf5 {[%emt 0:02:52]} 4. Be2 {[%emt 0:01:31]} Nbd7 {[%emt 0:00:14]} 5. Nbd2 {[%emt 0:04:10]} h6 {[%emt 0:00:08]} 6. b3 {[%emt 0:03:44]} e5 {[%emt 0:00:48]} 7. h3 {[%emt 0:02:45]} Bd6 {[%emt 0:00:10]} 8. Bb2 {[%emt 0:02:26]} Qe7 {[%emt 0:04:04]} 9. Nh2 {[%emt 0:09:35]} g5 {[%emt 0:01:15]} 10. g4 {[%emt 0:15:36]} Bg6 {[%emt 0:01:26]} 11. Bf3 {[%emt 0:07:51]} e4 {[%emt 0:03:55]} 12. dxe4 {[%emt 0:02:07]} dxe4 {[%emt 0:00:33]} 13. Bg2 {[%emt 0:01:37]} Be5 {[%emt 0:00:20]} 14. Qc1 {[%emt 0:03:15]} O-O-O {[%emt 0:00:17]} 15. Bxe5 {[%emt 0:03:07]} Nxe5 {[%emt 0:00:54]} 16. Qb2 {[%emt 0:01:51]} h5 {[%emt 0:01:30]} 17. O-O-O {[%emt 0:03:04]} hxg4 {[%emt 0:00:59]} 18. Nxg4 {[%emt 0:01:46]} Nfxg4 {[%emt 0:01:14]} 19. hxg4 {[%emt 0:00:30]} Rxh1 {[%emt 0:00:10]} 20. Rxh1 {[%emt 0:01:02]} Nxg4 {[%emt 0:06:30]} 21. Bh3 {[%emt 0:02:06]} Bf5 {[%emt 0:00:34]} 22. Bxg4 {[%emt 0:03:36]} Bxg4 {[%emt 0:03:24]} 23. Rh8 {[%emt 0:00:10]} f6 {[%emt 0:01:44]} 24. Rxd8+ {[%emt 0:01:25]} Qxd8 {[%emt 0:00:05]} 25. Qd4 {[%emt 0:02:31]} Qxd4 {[%emt 0:00:22]} 26. exd4 {[%emt 0:00:04]} Bf5 {[%emt 0:01:01]} 27. Nf1 {[%emt 0:01:14]} Kd7 {[%emt 0:00:47]} 28. Kd2 {[%emt 0:00:20]} Bg6 {[%emt 0:02:01]} 29. c4 {[%emt 0:00:59]} f5 {[%emt 0:00:07]} 30. Ne3 {[%emt 0:01:18]} Ke6 {[%emt 0:00:48]} 31. Nd5 {[%emt 0:03:24]} c6 {[%emt 0:00:04]} 32. Ne3 {[%emt 0:00:26]} f4 {[%emt 0:01:54]} 33. Ng4 {[%emt 0:02:11]} Bh5 {[%emt 0:00:35]} 34. Nh2 {[%emt 0:00:22]} g4 {[%emt 0:00:19]} 35. Nf1 {[%emt 0:01:02]} e3+ {[%emt 0:01:34]} 36. fxe3 {[%emt 0:01:23]} g3 {[%emt 0:00:05]} 37. Nxg3 {[%emt 0:07:51]} fxg3 {[%emt 0:00:06]} 38. Ke1 {[%emt 0:00:07]} Bf3 {[%emt 0:00:20]} 39. Kf1 {[%emt 0:00:37] Ke5} 0-1

[Event "Mukachevo Masters IM 2018"]
[Site "Mukachevo"]
[Date "2018.10.17"]
[Round "1"]
[White "Vachylia, Andrii"]
[Black "Shkuran, Danylo"]
[Result "1/2-1/2"]
[WhiteElo "2238"]
[BlackElo "2371"]
[Annotator "NA"]
[PlyCount "34"]
[EventDate "2018.08.17"]
[EventType "swiss"]
[EventCountry "UKR"]
[SourceTitle "playchess.com"]
[Source "ChessBase"]
[SourceQuality "1"]
[TimeControl "5400+30"]

1. e4 {[%emt 0:00:00]} c6 {[%emt 0:00:00]} 2. d4 {[%emt 0:00:00]} d5 {[%emt 0:00:00]} 3. exd5 {[%emt 0:00:00]} cxd5 {[%emt 0:00:00]} 4. Bd3 {[%emt 0:00:00]} Nc6 {[%emt 0:00:00]} 5. c3 {[%emt 0:00:01]} Nf6 {[%emt 0:00:06]} 6. Bf4 {[%emt 0:00:26]} e6 {[%emt 0:00:24]} 7. Nf3 {[%emt 0:00:10]} Bd6 {[%emt 0:00:20]} 8. Bxd6 {[%emt 0:00:57]} Qxd6 {[%emt 0:00:06]} 9. O-O {[%emt 0:00:09]} O-O {[%emt 0:00:12]} 10. Re1 {[%emt 0:00:12]} Rb8 {[%emt 0:01:33]} 11. Qe2 {[%emt 0:01:16]} b6 {[%emt 0:02:34]} 12. Nbd2 {[%emt 0:00:11]} Bb7 {[%emt 0:00:07]} 13. Ne5 {[%emt 0:01:02]} Ne7 {[%emt 0:02:41]} 14. a4 {[%emt 0:02:22]} a5 {[%emt 0:02:04]} 15. Ng4 {[%emt 0:03:24]} Nd7 {[%emt 0:05:09]} 16. Nf3 {[%emt 0:03:56]} Ng6 {[%emt 0:01:33]} 17. Qc2 {[%emt 0:02:37]} Qf4 {[%emt 0:00:32]} 1/2-1/2

[Event "Mukachevo Masters IM 2018"]
[Site "Mukachevo"]
[Date "2018.10.18"]
[Round "2"]
[White "Shkuran, Danylo"]
[Black "Bidsila, Andrej"]
[Result "1-0"]
[WhiteElo "2371"]
[BlackElo "2261"]
[Annotator "TA"]
[PlyCount "73"]
[EventDate "2018.08.17"]
[EventType "swiss"]
[EventCountry "UKR"]
[SourceTitle "playchess.com"]
[Source "ChessBase"]
[SourceQuality "1"]

{[%evp 13,73,20,20,5,7,9,22,-22,30,33,32,29,42,22,27,22,33,39,38,23,25,16,35,27,35,11,45,20,34,29,50,63,83,85,110,113,122,112,179,168,202,201,312,302,532,535,523,232,232,241,223,224,1258,1257,1245,1232,1254,1204,1416,1338,29989,29990]} 1. e4 d5 2. exd5 Qxd5 3. Nc3 Qd8 4. d4 c6 5. Bc4 (5. Nf3 Bf5 6. Be2 e6 7. O-O Nd7 8. Bf4 Be7 9. Qd2 Ngf6 10. Rad1 O-O 11. Bg3 Nb6 12. Qc1 Nbd5 13. Nb1 {1-0 (49) Jakovenko,D (2710)-Levin,E (2532) Sochi 2017}) 5... Bf5 6. Nf3 {B01: Scandinavian Defence} e6 7. Qe2 Nf6 {LiveBook: 6 Games} 8. h3 {The position is equal.} Be7 9. O-O O-O 10. Nh4 Bg6 ({Better is} 10... Bxc2 11. Bxe6 (11. Qxc2 Qxd4 12. Bxe6 Qxh4 $11) 11... Qxd4) 11. Nxg6 $11 hxg6 12. Rd1 Nbd7 13. Ne4 Nxe4 14. Qxe4 Nf6 $146 ({Predecessor:} 14... Bg5) 15. Qf3 Nd5 16. Bd2 Bg5 17. Be1 Qd6 18. g3 Rfe8 19. Bb3 Bd8 20. c4 Nf6 21. Bc3 Nh7 22. Ba4 Ng5 23. Qg2 {h4 is the strong threat.} Qc7 24. h4 Nh7 {[#]} 25. d5 $1 $36 {[%cal Rd5c6][%mdl 2048] Keeping Black busy.} exd5 (25... Rc8 $16) 26. cxd5 $18 Rc8 27. Qh3 {aiming for d6.} Be7 (27... Rb8 $142 28. d6 Qb6) 28. dxc6 bxc6 $2 (28... b5) 29. Rd7 Qb8 30. Re1 (30. h5 $142 Ng5 31. Qg4) 30... Bb4 31. Rxe8+ Rxe8 32. Bb3 Rf8 $2 {[#]} (32... Re7 33. Qg4 Rxd7) 33. Bxf7+ $1 {[%mdl 512]} Rxf7 34. Qe6 Bxc3 35. Qxf7+ Kh8 36. Re7 {Threatens to win with Re8+.} Qb4 37. Re8+ {Precision: White = 55%, Black = 38%.} 1-0

[Event "Mukachevo Masters IM 2018"]
[Site "Mukachevo"]
[Date "2018.10.18"]
[Round "2"]
[White "Tiba, Vladyslav"]
[Black "Larkin, Vladyslav"]
[Result "1-0"]
[WhiteElo "2337"]
[BlackElo "2234"]
[Annotator "TA"]
[PlyCount "53"]
[EventDate "2018.08.17"]
[EventType "swiss"]
[EventCountry "UKR"]
[SourceTitle "playchess.com"]
[Source "ChessBase"]
[SourceQuality "1"]

{[%evp 23,53,29,37,30,175,183,169,175,162,160,448,451,535,512,500,483,530,386,1355,1156,5931,5585,5585,1672,1658,1655,1558,1480,1649,1633,1554,1538]} 1. e4 e6 2. d4 d5 3. Nd2 Nf6 4. e5 Nfd7 5. Bd3 c5 6. c3 Nc6 7. Ndf3 cxd4 8. cxd4 f6 {C06: Französische Verteidigung (Tarrasch-Variante)} 9. exf6 Nxf6 10. Nh3 (10. Ne2 Bd6 11. O-O O-O 12. Bf4 Bxf4 13. Nxf4 Ng4 14. Qd2 Qf6 15. Ne2 e5 16. dxe5 Ncxe5 17. Nxe5 Nxe5 18. Nd4 Qf4 19. Rad1 Bg4 20. Qxf4 Rxf4 21. f3 Bd7 22. Bb5 Nc6 23. Bxc6 bxc6 24. Rfe1 Kf7 25. Re3 Rb8 {½-½ (57) Ghaem Maghami,E (2596)-Bluebaum,M (2588) Berlin 2015}) 10... Bd6 11. O-O Qc7 12. Re1 O-O $1 {LiveBook: 20 Partien} 13. Nhg5 e5 (13... g6 $11 {und Schwarz ist OK.}) 14. dxe5 $18 Nxe5 {[#]} 15. Bxh7+ $1 {[%mdl 512]} Nxh7 {[#]} 16. Rxe5 $1 {[%mdl 512]} Nf6 $146 {[#]} (16... Nxg5 $16 {kämpft weiter.} 17. Rxg5 (17. Bxg5 Bxe5 18. Qxd5+ Qf7 $11) 17... Qf7 18. Rxd5 (18. Qxd5 Be7 $16) 18... Bc7) (16... Bxe5 17. Qxd5+) ({Vorgänger:} 16... Nxg5 17. Rxg5 Be6 18. Nd4 Bf7 19. Nf5 Bxh2+ 20. Kh1 Be5 21. Nh6+ Kh8 22. Nxf7+ Rxf7 23. Qh5+ {1-0 (23) Ossa,O (2249)-Jareno Badenas,A (2057) Barcelona 2015}) 17. Rxd5 $1 Nxd5 18. Qxd5+ Kh8 19. Nh4 {[%cal Rh4g6]} Rf6 20. Be3 Be5 $2 (20... Bxh2+ 21. Kh1 Be5) 21. Qe4 {[%csl Gg5][%cal Re4h7] Weiß steht klar auf Gewinn.} Kg8 22. Qh7+ Kf8 23. Qh8+ (23. Ng6+ $142 Rxg6 24. Qxg6) 23... Ke7 24. Qxg7+ Ke8 25. Qg8+ Rf8 26. Qg6+ Ke7 27. Rc1 {Precision: Weiß = 77%, Schwarz = 20%.} 1-0

[Event "Mukachevo Masters IM 2018"]
[Site "Mukachevo"]
[Date "2018.10.18"]
[Round "2"]
[White "Srinath, Rao S.V."]
[Black "Oros, Robert"]
[Result "1/2-1/2"]
[WhiteElo "2325"]
[BlackElo "2336"]
[Annotator "TA"]
[PlyCount "65"]
[EventDate "2018.08.17"]
[EventType "swiss"]
[EventCountry "UKR"]
[SourceTitle "playchess.com"]
[Source "ChessBase"]
[SourceQuality "1"]

{[%evp 19,65,25,46,19,50,45,56,48,52,50,54,62,69,39,76,68,69,71,68,71,74,49,52,55,64,0,0,-14,0,0,0,0,30,30,30,30,34,32,29,33,40,31,93,66,57,68,66,17]} 1. e4 {[%cal Be2e4,Be4e5][%mdl 32]} Nf6 2. e5 Nd5 3. d4 d6 4. c4 Nb6 5. exd6 exd6 6. Be2 Be7 7. Nc3 O-O 8. Nf3 Bg4 9. b3 {B05: Alekhine's Defence: 4 Nf3 Bg4} (9. O-O Nc6 10. d5 Bxf3 11. Bxf3 Ne5 12. b3 Bf6 13. Bb2 Nxf3+ 14. Qxf3 a5 15. Rab1 a4 16. Nb5 Bxb2 17. Rxb2 axb3 18. axb3 {1-0 (36) Dvoirys,S (2520)-Bortnyk,O (2585) Jerusalem 2016}) 9... Nc6 10. O-O Re8 {LiveBook: 13 Games} 11. d5 Bxf3 $146 ({Predecessor:} 11... Bf6 12. dxc6 Bxc3 13. cxb7 Rb8 14. Bg5 f6 15. Rc1 {1-0 (24) Vihovanec,T (1998)-Pavlovic,V (2158) Osijek 2008}) 12. Bxf3 Ne5 13. Be2 Bf6 14. Qc2 Ng6 {[#] And now ...Bxc3 would win.} 15. Bb2 a6 16. g3 Nd7 17. Rad1 Qb8 18. Rfe1 Qa7 19. Bf1 Ngf8 20. Bg2 Rab8 21. a4 Qb6 22. Ne4 (22. Ba3 $1 $14) 22... Bxb2 $11 23. Qxb2 Nc5 24. Nxc5 Qxc5 25. Qc3 b5 26. Rxe8 Rxe8 27. b4 $36 {[%mdl 2048] White is pushing.} Qxc4 28. Qxc4 bxc4 {KRB-KRN} 29. Rc1 a5 30. bxa5 Nd7 (30... Ra8 $14) 31. Rxc4 Nc5 $1 32. Bf1 Ra8 33. Rb4 {Precision: White = 59%, Black = 47%.} (33. a6 $5) 1/2-1/2

[Event "Mukachevo Masters IM 2018"]
[Site "Mukachevo"]
[Date "2018.10.18"]
[Round "2"]
[White "Boricsev, Oleg"]
[Black "Vypkhaniuk, Ihor"]
[Result "0-1"]
[WhiteElo "2298"]
[BlackElo "2389"]
[Annotator "TA"]
[PlyCount "58"]
[EventDate "2018.08.17"]
[EventType "swiss"]
[EventCountry "UKR"]
[SourceTitle "playchess.com"]
[Source "ChessBase"]
[SourceQuality "1"]

{[%evp 9,58,-33,-25,-49,-56,-47,-42,-67,-68,-65,-58,-81,-79,-91,-45,-106,-78,-122,-130,-126,-126,-186,-175,-183,-74,-336,-333,-333,-313,-464,-488,-606,-582,-577,-552,-479,-472,-493,-490,-459,-445,-623,-627,-623,-647,-664,-646,-614,-501,-1238,-1233]} 1. e4 {[%cal Be2e4,Be4e5][%mdl 32]} c5 2. Nc3 a6 3. a4 e6 4. Bc4 Nf6 5. e5 d5 6. Be2 {B20: Sicilian: Unusual White 2nd moves} (6. exf6 dxc4 7. fxg7 Bxg7 8. Qg4 Bd4 9. Ne4 f5 10. Qh5+ Kd7 11. Ng5 Nc6 12. N1f3 {½-½ (56) Yuksel,A (2237)-Fedorov,A (2559) Batumi 2018}) 6... Nfd7 7. f4 $1 Nc6 8. Nf3 {Black is slightly better.} f6 {[%cal Rf6e5]} 9. O-O $146 ({Predecessor:} 9. d3 fxe5 10. Ng5 Nf6 11. O-O Bd6 12. Bh5+ g6 13. fxe5 Nxe5 {½-½ (66) Rujevic,M (2296)-Xie,G (2313) Melbourne 2004}) 9... fxe5 10. Nxe5 Ndxe5 11. fxe5 g6 12. Bg4 ({Better is} 12. a5 $15) 12... Bg7 13. Ne2 Nxe5 14. Bh3 Nf7 15. d4 (15. c3 $17) 15... cxd4 $19 16. Nf4 Ng5 (16... Qd6 $19 {And now ...e5 would win.} 17. b3 d3) 17. Bg4 $2 {[%mdl 8192] [#]} (17. Nh5 $17 {was the only chance.} Be5 18. Qg4 Nxh3+ 19. gxh3) 17... O-O 18. h4 Ne4 19. h5 (19. Bxe6+ $142 Bxe6 20. Nxe6 Rxf1+ 21. Qxf1 Qxh4 22. Bf4) 19... e5 {Black is clearly winning.} 20. Be6+ Bxe6 21. Nxe6 Rxf1+ 22. Qxf1 Qf6 23. Nxg7 Qxf1+ ({Weaker is} 23... Qxg7 24. Ra3 $19) ({Don't do} 23... Kxg7 24. Qf3 $19) 24. Kxf1 Kxg7 {KRB-KRN} 25. h6+ Kf6 26. Ke1 Rc8 27. Kd1 Nf2+ 28. Kd2 Ng4 29. Ra3 (29. c3 $142 Nf2 30. Ke2) 29... Ne3 {Precision: White = 28%, Black = 84%.} 0-1

[Event "Mukachevo Masters IM 2018"]
[Site "Mukachevo"]
[Date "2018.10.18"]
[Round "2"]
[White "Kagramanianz, Vartan"]
[Black "Vachylia, Andrii"]
[Result "1/2-1/2"]
[WhiteElo "2231"]
[BlackElo "2238"]
[Annotator "TA"]
[PlyCount "151"]
[EventDate "2018.08.17"]
[EventType "swiss"]
[EventCountry "UKR"]
[SourceTitle "playchess.com"]
[Source "ChessBase"]
[SourceQuality "1"]

{[%evp 14,151,-18,-16,0,-14,24,19,10,-10,-6,0,0,-2,0,-7,-7,-7,-3,-32,0,0,0,-3,0,-8,-12,-14,0,0,0,0,3,0,0,0,27,24,110,114,109,95,124,113,606,118,120,120,116,78,98,86,182,182,183,188,102,18,20,22,22,26,42,0,5,-8,-8,-11,-29,-51,-51,-51,-51,-51,-51,-51,-51,-54,-58,-93,-93,-93,-93,-93,-93,-93,-93,-93,-93,-150,-150,-150,-150,-150,-150,-150,-150,-161,-142,-142,-142,-142,-142,-142,-129,-129,-129,-129,-129,-129,-129,-174,-129,-129,0,-175,-129,-129,-8,-129,-129,-129,-8,-129,-8,-129,-129,-129,0,-129,-129,-129,-129,-129,-129,-129,-129,-129,-8,-8]} 1. d4 d5 2. Bf4 Nf6 3. e3 e6 4. Nf3 Be7 5. Bd3 Nh5 (5... O-O 6. Nbd2 c5 7. c3 Qb6 8. Rb1 Bd7 9. Qe2 a6 10. O-O Bb5 11. c4 dxc4 12. Nxc4 Bxc4 13. Bxc4 cxd4 14. Nxd4 {½-½ (39) Nisipeanu,L (2683)-Bindrich,F (2590) Austria 2016}) 6. Bg3 {D02: 1 d4 d5 2 Nf3 sidelines, including 2...Nf6 3 g3 and 2...Nf6 3 Bf4} Nd7 7. Nbd2 c5 8. c3 {LiveBook: 3 Games} Nxg3 9. hxg3 Qc7 10. Qe2 $146 ({Predecessor:} 10. g4 b6 11. Qe2 Bb7 12. e4 O-O-O 13. O-O Qf4 14. Nh2 h5 15. g3 Qh6 16. gxh5 {0-1 (26) Tobar Salas,J (1538)-Andreas,G (1992) Katerini 2014}) 10... a6 11. O-O b5 12. e4 dxe4 13. Nxe4 Bb7 14. Nxc5 Nxc5 15. dxc5 Bxc5 16. Be4 Rb8 17. Bxb7 Rxb7 18. Qe4 O-O 19. Rad1 Rb6 20. g4 Rd8 21. Ng5 g6 $1 22. Qf3 {Black must now prevent Rxd8+.} Rf8 23. Ne4 Be7 24. g5 e5 25. Rd3 Qc4 (25... h6 $11) 26. Rd7 $36 {[%mdl 2048] White is on the roll.} Qe6 27. Rfd1 Kg7 28. a3 Rbb8 $2 {[%mdl 8192]} (28... Rh8 $16 29. Ra7 Rd8 30. Rxd8 Bxd8) 29. Qh3 $2 (29. Rxe7 $1 $18 {is the precise move to win.} Qxe7 30. Qh3) 29... Qxh3 30. gxh3 Rfd8 31. R1d5 Kf8 32. h4 h6 (32... Ke8 $16 33. Rxd8+ Rxd8 34. Rxe5 Kd7) 33. gxh6 $18 Bxh4 34. Nc5 Kg8 35. Rxe5 ({White should try} 35. Nxa6 $16 Rxd7 36. Rxd7) 35... Rxd7 $11 36. Nxd7 $16 {[%mdl 4096] Endgame KRB-KRN} Rd8 37. Rd5 Kh7 38. Nb6 (38. Rd4 {is interesting.} Be7 39. Ne5 f5 40. Rxd8 Bxd8 41. Kg2) 38... Kxh6 39. Rxd8 (39. Kg2 {is more complex.} Re8 40. Kf3 Re1 41. Rd4 Bf6 42. Rd7) 39... Bxd8 $11 {KB-KN} 40. Nd5 Kg5 41. Kg2 Kf5 42. Kf3 a5 43. b4 Ke5 44. Ne3 axb4 45. axb4 Bg5 $1 {[%cal Rg5e3]} 46. Nc2 Bd2 47. Nd4 Bxc3 48. Nxb5 Bxb4 49. Ke2 f5 50. Kf3 g5 {[%cal Bg6g5,Bg5g4][%mdl 32]} 51. Ke3 (51. Kg2 $142) 51... g4 $17 52. Kd3 Bc5 53. Ke2 Bb6 54. Na3 Kd5 55. Nc2 Ke4 56. Ne1 Kf4 57. Nd3+ Kg5 $1 58. f3 Kh4 59. fxg4 fxg4 60. Nf4 Ba7 61. Kf1 Kg3 $1 {[%cal Rg3f4]} 62. Nh5+ Kh3 63. Nf4+ Kg3 64. Nh5+ $1 Kh2 65. Ke2 Kh3 (65... Bb6 $17 {Hoping for ...Bd8.} 66. Ng7 Ba5) 66. Nf4+ (66. Nf6 $1 $11) 66... Kg3 $1 {[%cal Rg3f4]} 67. Nh5+ Kh4 (67... Kh2 $1 $17 68. Ng7 Bc5) 68. Nf4 (68. Nf6 $1 $11 {was the only way to keep the balance.}) 68... Bb8 (68... Bc5 $17 {Strongly threatening ...Ba7.} 69. Ne6 Ba7) 69. Ng2+ {[#]} (69. Nd3 $11) 69... Kh3 $1 {[%cal Rh3g2]} 70. Kf1 Ba7 71. Nf4+ {[#]} Kh2 $1 72. Nh5 Bd4 {( -> ...Be5)} 73. Nf4 Be3 74. Ng2 Bg5 75. Ne1 Bd2 {[#]} (75... g3 $17 {aiming for ...Bd2.} 76. Ke2 Bf4 77. Nf3+ Kh1) 76. Nf3+ $1 {[%mdl 512] Precision: White = 45%, Black = 42%.} 1/2-1/2

[Event "Mukachevo Masters IM 2018"]
[Site "Mukachevo"]
[Date "2018.10.18"]
[Round "3"]
[White "Vypkhaniuk, Ihor"]
[Black "Tiba, Vladyslav"]
[Result "1/2-1/2"]
[WhiteElo "2389"]
[BlackElo "2337"]
[Annotator "TA"]
[PlyCount "34"]
[EventDate "2018.08.17"]
[EventType "swiss"]
[EventCountry "UKR"]
[SourceTitle "playchess.com"]
[Source "ChessBase"]
[SourceQuality "1"]

{[%evp 18,20,28,12,45]} 1. c4 Nf6 2. g3 g6 3. Bg2 Bg7 4. Nc3 O-O 5. e4 d6 6. Nge2 Nbd7 7. O-O e5 8. d3 c6 9. h3 a6 10. Be3 {LiveBook: 14 Partien. A24: Englische Eröffnung} b5 {Vorgänger:} 11. Qd2 $146 Bb7 12. b4 Re8 13. a4 a5 14. bxa5 b4 15. Na2 c5 16. Nac1 Qxa5 17. Nb3 Qc7 {½-½ (32) Galyas,M (2517)-Havasi,G (2372) Budapest 2018} 1/2-1/2

[Event "Mukachevo Masters IM 2018"]
[Site "Mukachevo"]
[Date "2018.10.18"]
[Round "3"]
[White "Oros, Robert"]
[Black "Shkuran, Danylo"]
[Result "1/2-1/2"]
[WhiteElo "2336"]
[BlackElo "2371"]
[Annotator "TA"]
[PlyCount "34"]
[EventDate "2018.08.17"]
[EventType "swiss"]
[EventCountry "UKR"]
[SourceTitle "playchess.com"]
[Source "ChessBase"]
[SourceQuality "1"]

{[%evp 9,34,-6,-1,-10,-4,-4,2,7,1,-17,-16,-35,-42,-43,-35,-63,-27,-29,-32,-29,-22,-29,-28,-32,-25,-36,-33]} 1. d4 d5 2. Bf4 Nf6 3. e3 e6 4. Bd3 Bd6 5. Ne2 (5. Bg3 O-O 6. Nd2 c5 7. c3 Qc7 8. Ngf3 Nbd7 9. Qc2 e5 10. dxe5 Nxe5 11. Nxe5 Bxe5 12. Nf3 Bxg3 13. hxg3 h6 14. c4 Be6 15. O-O Rfd8 16. Rac1 Rac8 17. cxd5 Nxd5 {½-½ (36) Vachier Lagrave,M (2779)-Dominguez Perez,L (2739) chess.com INT 2018}) 5... Bxf4 6. Nxf4 {D00: 1 d4 d5: Unusual lines} Nbd7 7. Nh5 $146 ({Predecessor:} 7. Nd2 c6 8. O-O e5 9. dxe5 Nxe5 10. Be2 O-O 11. Nf3 Qe7 12. Nxe5 Qxe5 {0-1 (72) Yudhajeet,D (1531)-Shah,S (1845) Mumbai 2014}) 7... Nxh5 8. Qxh5 {The position is equal.} c5 9. dxc5 Nxc5 10. Bb5+ Bd7 11. Bxd7+ Nxd7 12. O-O O-O 13. Nd2 Rc8 14. c3 Nf6 15. Qe2 Qb6 16. Rab1 Rfd8 17. Rfe1 h6 {Precision: White = 38%, Black = 63%.} 1/2-1/2